000 00307nam a2200133Ia 4500
005 20251222155146.0
008 251222s9999||||xx |||||||||||||| ||spa||
082 _aETI.174
100 _aROBERTO FEDERICO RĂ©.
245 0 _aNuestra salud mental
250 _a1ra. ed.
264 _bSan Pablo
942 _cLIB
999 _c39382
_d39382